| 000 | 00411nam a22001577a 4500 | ||
|---|---|---|---|
| 001 | 1963 | ||
| 005 | 20260415063817.0 | ||
| 008 | 260415b |||||||| |||| 00| 0 eng d | ||
| 020 | _a9781856046947 | ||
| 100 | _aCHOWDHURY,G G | ||
| 245 |
_aINTRODUCTION TO MODERN INFORMATION RETRIEVAL _hENGLISH |
||
| 250 | _a3rd | ||
| 260 |
_bFacet publishing _c2010 |
||
| 300 |
_a530p. _c9.21inches |
||
| 942 |
_2ddc _cBOOK _n1 |
||
| 999 |
_c1963 _d1963 |
||